000 004170000a22001690004500
003 MACL
005 20160130153123.0
008 160130b xxu||||| |||| 00| 0 eng d
040 _aMACL
_cMACL
041 _aEnglish
082 _a821/GOL
100 _aGold, Alison Leslie
_936236
245 _aMemories of Anne Frank
260 _bA New Direction In
_aLondon
650 _aPoetry
_936237
942 _cBK
_k821/Gol
_2ddc
999 _c31508
_d31508